| 000 | 00583nam a2200229 a 4500 | ||
|---|---|---|---|
| 001 | 43407 | ||
| 003 | AR-BaAGN | ||
| 007 | ta | ||
| 008 | 220625s19uu ag |||||r|||| ||||||spa d | ||
| 020 | _a950-9807-50-8 | ||
| 040 |
_dAR-BaAGN _aAR-BaAGN _bspa _eaacr |
||
| 100 | 1 | _aCalzadilla, Santiago | |
| 245 | 1 | 0 | _aLas beldades de mi tiempo |
| 260 |
_aBuenos Aires : _bFondo Nacional de las Artes, _c[19--?] |
||
| 300 | _a189 páginas | ||
| 942 | _cLIBRO | ||
| 999 |
_c43407 _d43407 |
||
| 005 | 20230830145218.0 | ||
| 336 |
_2rdacontent _btxt |
||
| 337 |
_2rdamedia _bn |
||
| 338 |
_2rdacarrier _bnc |
||